CSGO & CS2 Majors top 4 - Statistics

General Stats
  • This quiz has been taken 340 times
  • The average score is 95 of 193
Answer Stats
Hint Answer % Correct
Navi
99%
Faze
95%
Vitality
92%
G2
90%
Astralis
83%
NIP
82%
Fnatic
81%
mou
79%
Cloud9
78%
Liquid
78%
Virtus Pro
78%
GamerLegion
76%
Spirit
76%
iM
75%
ENCE
74%
jL
74%
Outsiders
74%
ZywOo
74%
BLAST.tv Paris Major 2023 Aleksib
73%
PGL Major Stockholm 2021 apEX
73%
PGL Major Krakow 2017 b1t
73%
Gambit
73%
karrigan
72%
MOUZ
72%
Niko
72%
SK
72%
Heroic
71%
s1mple
71%
Magisk
70%
ropz
70%
w0nderful
70%
Luminosity
69%
m0NESY
69%
Spinx
69%
DreamHack Open Cluj-Napoca 2015 broky
68%
dupreeh
68%
huNter
67%
rain
67%
Envyus
66%
frozen
66%
Furia
66%
dev1ce
65%
flameZ
65%
LDLC
64%
twist
64%
Apeks
63%
FalleN
63%
gla1ve
63%
Jame
63%
mezii
63%
electroNic
62%
nexa
62%
Snax
62%
ESL One Cologne 2016 Boombl4
61%
pashabiceps
61%
Stewie2K
61%
Twistzz
60%
DreamHack Winter 2014 cadiaN
59%
HooXi
59%
kennyS
59%
NEO
59%
olofmeister
59%
TaZ
59%
Xyp9x
59%
coldzera
58%
GeT_RiGhT
58%
GuardiaN
58%
Perfecto
58%
fer
57%
JW
57%
fame
56%
jabbi
56%
siuhy
56%
EliGE
55%
flusha
55%
MIBR
55%
stavn
55%
Zeus
55%
Dosia
54%
f0rest
54%
Happy
54%
HObbit
54%
TACO
54%
tarik
54%
IEM Rio Major 2022 allu
53%
AVANGAR
53%
Kjaerbye
53%
ESL One Katowice 2015 byali
52%
FL1T
52%
fnx
52%
KSCERATO
52%
NBK
52%
Skadoodle
52%
flamie
51%
TeSeS
51%
Qikert
50%
IEM Katowice 2019 autimatic
49%
kioShiMa
49%
KRIMZ
49%
NAF
49%
RUSH
49%
yuurih
49%
1st acoR
48%
2nd AdreN
48%
StarLadder Major Berlin 2019 arT
48%
Renegades
48%
sh1ro
48%
shox
48%
sjuush
48%
Immortals
47%
Edward
46%
jks
46%
magixx
46%
PGL Major Antwerp 2022 AMANEK
45%
FACEIT Major 2018 Ax1Le
45%
friberg
45%
jkaem
45%
DreamHack Winter 2013 chopper
44%
JACKZ
44%
pronax
44%
sergej
44%
Xizt
43%
TSM
42%
HEN1
41%
Keoz
41%
n0rb3r7
41%
Snappi
41%
xertioN
41%
Fifflaren
40%
nafany
40%
nitr0
40%
dycha
39%
Hiko
39%
isak
39%
Dignitas
38%
hades
38%
NRG
38%
SmithZz
38%
torzsi
38%
Complexity
37%
Maden
37%
ScreaM
37%
ELEAGUE Major 2017 boltz
36%
drop
36%
LUCAS1
36%
refrezh
36%
xseveN
36%
dexter
35%
ESL One Cologne 2015 buster
34%
interz
33%
nawwk
33%
saffee
33%
STYKO
33%
3-4th Aerial
32%
EMS One Katowice 2014 ceRq
32%
ESL One Cologne 2014 cajunb
31%
devilwalk
31%
felps
31%
kyxsan
31%
MLG Columbus 2016 Brehze
30%
degster
30%
Ethan
30%
seized
30%
steel
29%
dennis
28%
JDC
28%
Maikelele
28%
SANJI
28%
fox
26%
kNg
25%
Liazz
25%
Patsi
25%
schneider
25%
ELEAGUE Major 2018 AZR
24%
stanislaw
24%
Gratisfaction
23%
jdm64
23%
s1ren
23%
Ex6TenZ
22%
n0thing
22%
VeryGames
22%
LGB
21%
swag
19%
FeTiSh
18%
KQLY
18%
disco doplan
17%
starix
17%
PGL CS2 Major Copenhagen 2024 aizy
14%
Maniac
11%
Uzzziii
10%
seangares
9%
SEMPHIS
9%
cype
6%
No matching quizzes found
Score Distribution
Percent of People with Each Score
Percentile by Number Answered
Your Score History
You have not taken this quiz